| 000 | 01173am a2200397a 44500 | ||
|---|---|---|---|
| 003 | AR-BaBNM | ||
| 005 | 20251128210444.0 | ||
| 008 | 240020s1998 #AR|||||||||||000 | esp|| | ||
| 020 | _a84-923478-3-X | ||
| 040 | _cAR-BaBNM | ||
| 100 | 1 | _aGiroux, Henry A. | |
| 245 | 1 | 0 | _aSociedad, cultura y educación |
| 250 | _a1ª ed. | ||
| 260 |
_aMadrid _bMiño y Dávila _bInstituto Paulo Freire _c1998 |
||
| 300 | _a257 p. | ||
| 490 | 0 | _aEducación internacional | |
| 504 | _aContiene bibliografía al final de cada capítulo | ||
| 650 | 4 | _aTEORIAS DE LA EDUCACION | |
| 650 | 4 | _aMULTICULTURALISMO | |
| 650 | 4 | _aPOLITICA EDUCATIVA | |
| 650 | 4 | _aDIFERENCIACION SOCIAL | |
| 650 | 4 | _aDIFERENCIACION SOCIAL | |
| 650 | 4 | _aDIFERENCIACION CULTURAL | |
| 650 | 4 | _aSOCIOLOGIA DE LA EDUCACION | |
| 650 | 4 | _aFORMACION DE DOCENTES | |
| 650 | 4 | _aPAPEL DEL LENGUAJE | |
| 653 | _aPOSMODERNIDAD | ||
| 653 | _aPEDAGOGIA CRITICA | ||
| 700 | 1 | _aMcLaren, Peter | |
| 700 | 1 |
_aTorres, Carlos A. _eprologuista |
|
| 700 | 1 |
_aGadotti, Moacir _eprologuista |
|
| 800 | 1 |
_aTorres, Carlos A. _edirector |
|
| 800 | 1 |
_aGadotti, Moacir _edirector |
|
| 942 | _cBK | ||
| 998 | _cRaquel | ||
| 999 |
_c15530 _d15530 |
||